000 01838nam0a2200337 4500
001 RU\NLR\BIBL_A\012053001
005 20190802140253.0
010 _a978-5-00140-240-4
_9100
021 _aRU
_bКН-П-19-041726
_9КН-П-19-3064
035 _a(NLR Aleph) 012053001
035 _a(RuMoRGB)010004815
090 _a11661129
_c11661129
100 _a20190705d2019 u y0rusy50 ca
101 0 _arus
102 _aRU
105 _aac||j|||000yy
200 1 _aПротяжённость
_eучебное пособие
_e[для студентов высших учебных заведений по подготовке магистров, обучающихся по направлению "Теоретическая физика, Инженерная физика"]
_fВ. Я. Подвигалкин
210 _aСаратов
_cАмирит
_d2019
215 _a121 с.
_cил., портр., табл.
_d21
320 _aБиблиогр.: с. 102-104 (44 назв.), 121
606 1 _aГравитационные волны
_jУчебные издания для высших учебных заведений
_2nlr_sh1
_2nlr_sh2
_3RU\NLR\AUTH\66268072
606 1 _aФизика
_xФилософские вопросы
_jУчебные издания для высших учебных заведений
_2nlr_sh1
_2nlr_sh2
_3RU\NLR\AUTH\66189027
606 1 _aПространство и время
_xКонтинуальность
_jУчебные издания для высших учебных заведений
_2nlr_sh1
_2nlr_sh2
_3RU\NLR\AUTH\661274531
686 1 _aВ313.36я73-1
686 1 _aВ3в.я73-1
700 1 _aПодвигалкин
_bВ. Я.
_gВиталий Яковлевич
942 _cBOOK
980 _aNBR
980 _aNB